000 00884nam a22001937a 4500
999 _c62027
_d62027
003 Ge_BSU
005 20240624171705.0
008 240624s1976 ge ||||| |||| 00| 0 geo d
041 _ageo
080 _a61(479.22)(092) ს-78
100 _aსრესელი, იოსებ
_922561
245 _aკოტე ელიოზიშვილი :
_b[ექიმის ცხოვრება და მოღვაწეობა] /
_cიოსებ სრესელი; რედ. ე. ფალიანი.
264 _aთბ. :
_bსაბჭ. საქართველო,
_c1976.
300 _a36 გვ. :
_b3 ფ. ილ. ;
_c20 სმ.
653 _aელიოზიშვილი, იოსებ
653 _aქართველი ექიმები
700 _aფალიანი, ე.
_eრედაქტორი
_94048
942 _2udc
_cBK